000 00326nam a2200145Ia 4500
100 _aWartikar/P.N./ Wartikar/J.N.
942 _cBK
654 _aMathematics
245 _aTest Book of Applied Mathematics
260 _bPVG Prakashan
_aPune
_c1985
082 _a515
_bWAR
300 _a716
546 _aENGLISH
999 _c30102
_d30102